000 00709nam a2200265Ia 4500
005 20260121170348.0
008 008 260114s9999 xx 000 0 eng d
020 _a9783319668116
037 _aEBOOK
040 _aCRL
040 _beng
040 _cCRL
041 _2eng
041 _aeng
084 _qCRL
100 _aSepideh Stewart, Christine Andrews-Larson, Avi Berman, Michelle Zandieh
_91062962
245 0 _aChallenges and Strategies in Teaching Linear Algebra
260 _bSpringer
260 _bSpringer
260 _c2018
856 _uhttps://link.springer.com/openurl?genre=book&isbn=978-3-319-66811-6
942 _cEBOOK
999 _c1628691
_d1628691